000 01192cam a2200157 4500500
005 20260222004201.0
041 _afre
042 _adc
100 1 0 _aBoutron, Emmanuel
_eauthor
245 0 0 _aCréation de valeur et sous-performance à long terme des IPO sur le second marché
260 _c2005.
500 _a35
520 _aLa sous-performance à long terme des entreprises récemment introduites en Bourse est un phénomène constaté sur la plupart des places boursières. L’éclatement de la bulle internet et la débâcle des entreprises du secteur en fournit une illustration récente. L’histoire semble s’être répétée car au début des années 1980, le second marché, terre d’accueil des entreprises à forte croissance, a été le théâtre de tels événements. Les raisons de cette sous-performance doivent être recherchées aussi bien auprès de l’entreprise et de sa stratégie de croissance que du marché et des tensions spéculatives qui s’exercent.
786 0 _nRevue française de gestion | 156 | 3 | 2005-06-01 | p. 53-75 | 0338-4551
856 4 1 _uhttps://shs.cairn.info/revue-francaise-de-gestion-2005-3-page-53?lang=fr&redirect-ssocas=7080
999 _c1668122
_d1668122